• 首页
  • 本馆介绍
  • 公告通知
  • 最新文献
  • 馆藏检索
  • 电子资源
  • 读者导购
  • 参考咨询
  • 我的图书馆
  • 登录
  • 详细信息显示
  • 放入我的书架
  • 预约/预借图书
  • 作者相关作品
  • 分类相关作品
  • 丛书相关作品
  • 出版社相关作品

书目信息

  • 表格格式
  • 工作单格式
  • 卡片格式
题名:
陈景磐教育论文选
    
 
作者: 陈景磐, 著 ;郭齐家, 选编
分册:  
出版信息: 北京   北京师范大学出版社  2004
页数: 367页
开本: 23cm
丛书名:
单 册:
中图分类: G40-53
科图分类:
主题词: 教育学--jiao yu xue--文集
电子资源:
ISBN: 978-7-303-07244-6
000 00845nam0 2200253 45
001 012001004915
005 20121205155541.0
010    @a978-7-303-07244-6@dCNY38.00
099    @aCAL 012005012471
100    @a20050225d2004 em y0chiy0121 ea
101 0  @achi
102    @aCN@b110000
105    @aacf a 000yy
106    @ar
200 1  @a陈景磐教育论文选@f郭齐家选编@g(1938-)郭齐家,选编@Achen jing pan jiao yu lun wen xuan
210    @a北京@c北京师范大学出版社@d2004
215    @a367页@c彩图, 肖像@d23cm
320    @a有书目
606 0  @a教育学@Ajiao yu xue@j文集
690    @aG40-53@v4
701  0 @a陈景磐,@AChen Jingpan@f1904-1989@4著@3CAL n2004290459#@7jt0yjt0y@7ec0yec0y
702  0 @a郭齐家,@AGuo Qijia@f1938-@4选编@3CAL n2004271862#@7jt0yjt0y@7ec0yec0y
801  2 @aCN@b江苏凤凰@c20191020
905    @b1224280-3@dG40-53@e1079@f4
    
    陈景磐教育论文选/郭齐家选编/(1938-)郭齐家,选编.-北京:北京师范大学出版社,2004
    367页:彩图, 肖像;23cm
    
    
    ISBN 978-7-303-07244-6:CNY38.00
    
●
相关链接 在E读中查询图书 在五车中查询图书 在当当中查询图书 在豆瓣中查询图书


正题名:陈景磐教育论文选     索取号:G40-53/1079         预约/预借

序号 登录号 条形码 馆藏地/架位号 状态 备注
1 1224280   212242802   第一样本阅览室/ [索取号:G40-53/1079] 在馆    
2 1224281   212242811   教育系资料室/ [索取号:G40-53/1079] 在馆    
3 1224282   212242820   教育系资料室/ [索取号:G40-53/1079] 在馆    
4 1224283   212242839   第四借阅区/ [索取号:G40-53/1079] 在馆    
唐山师范学院图书馆 欢迎您!
大连网信软件有限公司© 版权所有